Estatutos de la Sociedad Fomento de la Sericicultura Española
Descripción Física:
15 p. ; 18 cm
MARC
| LEADER | 00000nam a2200000Ia 4500 | ||
|---|---|---|---|
| 001 | 20759 | ||
| 008 | 160829s1902 xx 000 0 cat d | ||
| 080 | |a 1946, exp. 14 | ||
| 110 | 2 | |a Fomento de la Sericicultura Española |9 55080 | |
| 245 | |a Estatutos de la Sociedad Fomento de la Sericicultura Española | ||
| 260 | |a Barcelona : |b Imprenta de Francisco J. Altés, |c 1902 | ||
| 300 | |a 15 p. ; |c 18 cm | ||
| 590 | |a Hi ha tres exemplars més a la mateixa capsa | ||
| 610 | 2 | 0 | |a Fomento de la Sericicultura Española |x Estatuts |9 55081 |
| 650 | |a Sericicultura |9 48623 | ||
| 901 | |a Arxiu | ||
| 942 | |n 1 | ||
| 952 | |0 0 |1 0 |4 0 |6 1946_EXP_14 |7 1 |9 54702 |a Arxiu |b Arxiu |d 2016-12-01 |l 0 |o 1946, exp. 14 |p 20759 |r 2016-12-01 00:00:00 |w 2016-12-01 |y ARXIU | ||
| 999 | |c 58571 |d 58571 | ||